|
|
|
|
| LEADER |
01052nam a2200325 4500 |
| 001 |
DLU090092519 |
| 005 |
##20091201 |
| 040 |
# |
# |
|a DLU
|b eng
|
| 041 |
# |
# |
|a eng
|
| 044 |
# |
# |
|a us
|
| 245 |
# |
# |
|a Adaptation of saccharomyces cerevisiae to the herbicide 2,4-dichlorophenoxyacetic acid, mediated by Msn2p- and Msn4p-regulated genes : Important role of SPI1 /
|c T. Simoes ... [et al.].
|
| 653 |
# |
# |
|a Acidification
|
| 653 |
# |
# |
|a Dichlorophenoxyacetic acid
|
| 653 |
# |
# |
|a Herbicides
|
| 653 |
# |
# |
|a Mutants
|
| 653 |
# |
# |
|a Saccharomyces cerevisiae
|
| 700 |
# |
# |
|a Fernandes, A. R.
|
| 700 |
# |
# |
|a Sa-Correia, Isabel.
|
| 700 |
# |
# |
|a Simoes, T.
|
| 700 |
# |
# |
|a Teixeira, M. C.
|
| 773 |
# |
# |
|t Applied and Environmental Microbiology
|g Vol. 69, no. 7 (July 2003), p. 4019-4028
|
| 920 |
# |
# |
|a Phòng Tạp chí -- Trung tâm Thông tin - Thư viện Trường Đại học Đà Lạt
|
| 994 |
# |
# |
|a DLU
|
| 900 |
# |
# |
|a True
|
| 911 |
# |
# |
|a Trương Bảo Trâm Anh
|
| 925 |
# |
# |
|a G
|
| 926 |
# |
# |
|a A
|
| 927 |
# |
# |
|a BB
|
| 980 |
# |
# |
|a Thư viện Trường Đại học Đà Lạt
|